| 000 | 00392nam a22001697a 4500 | ||
|---|---|---|---|
| 005 | 20231017181936.0 | ||
| 008 | 231017b |||||||| |||| 00| 0 eng d | ||
| 020 | _a1562057499 | ||
| 082 |
_a005.446 _bCAS-M |
||
| 100 | _aCasad,Joe | ||
| 245 |
_aMCSE _bTrainning Guide |
||
| 260 |
_aUSA _bNew Guides |
||
| 300 | _a232 | ||
| 500 | _aInclude Index | ||
| 650 | _aComputer | ||
| 700 | _aJoe Casd | ||
| 999 |
_c33943 _d33943 |
||